Vành các hàm số học và các tính chất liên quan

Trình bày một số kiến thức cơ bản của đại số và số học. Trình bày một số hàm số số học cơ bản. Trình bày một số áp dụng của các hàm số trên

Đã lưu trong:
書目詳細資料
主要作者: Trần Ngọc Vinh
其他作者: Nguyễn Văn Mậu GS.TSKH (Hướng dẫn)
格式: 圖書
語言:Vietnamese
出版: Đà Nẵng Đại học Đà Nẵng 2016
主題:
標簽: 添加標簽
沒有標簽, 成為第一個標記此記錄!
Thư viện lưu trữ: Mạng thư viện Đại học Đà Nẵng
LEADER 01581nam a2200349 4500
001 000024427
003 20915
005 20161223101227.0
008 161209s2016 viesd
041 |a vie 
082 1 4 |a 512.3  |b TR-V 
100 1 |a Trần Ngọc Vinh 
245 1 0 |a Vành các hàm số học và các tính chất liên quan  |c Trần Ngọc Vinh ; Nguyễn Văn Mậu hướng dẫn  |k Luận văn tốt nghiệp 
260 |a Đà Nẵng  |b Đại học Đà Nẵng  |c 2016 
300 |a 42 tr. ; phụ lục 3 tr.  |c 29 cm.  |e Tóm tắt 
500 |a Luận văn Thạc sĩ Khoa Học. Chuyên ngành : Phương pháp toán sơ cấp. Mã số: 60 46 01 13 
520 3 |a Trình bày một số kiến thức cơ bản của đại số và số học. Trình bày một số hàm số số học cơ bản. Trình bày một số áp dụng của các hàm số trên 
650 0 4 |a Vành (Toán học)  |v Luận văn thạc sĩ  |x Tính chất 
653 |a Số học 
653 |a Hàm số 
653 |a Phương pháp toán sơ cấp 
700 1 |a Nguyễn Văn Mậu  |c GS.TSKH  |e Hướng dẫn 
OWN |a LSP 
AVA |a UDN50  |b LSP  |d 512.3 TR-V  |e available  |t Error 5001 Not defined in file expand_doc_bib_avail.  |f 1  |g 0  |h N  |i 0  |k 1 
999 |a From the UDN01 
AVA |a UDN50  |b LSP  |d 512.3 TR-V  |e available  |t Error 5001 Not defined in file expand_doc_bib_avail.  |f 1  |g 0  |h N  |i 0  |k 1 
TYP |a Monograph 
TYP |a Printed language 
980 |a Mạng thư viện Đại học Đà Nẵng